000
00284nam a2200145Ia 4500
100
_a
Brown/Dan
650
_a
Fiction
942
_c
BK
245
_a
The Lost symbol
260
_b
Corgi books
_c
2009
082
_b
BRO
300
_a
669
546
_a
ENGLISH
_c
Computers
999
_c
35310
_d
35310